000
00312 a2200109 4500
001
ART_17887
005
20260410161701.0
008
260409a
245
1
0
_a
Anatomía y heteronimía monetarias
100
1
_a
Olivera, Julio H.G.
773
0
_t
Ensayos Económicos
_g
- Nº 4 (dic. 1977)
_w
REV620
999
_c
15186
_d
15186